00459nam a2200133Ia 4500008004100000082001600041100001800057245007900075260002900154300001000183942001200193999001900205952010100224210430s9999 xx 000 0 und d a297.272Y35I aYayla, Atilla aIslam, civil society & market economy(or mandi ki maeeshat)cYayla, Atilla aislamabadblibertyc2002 a166p. cBK2ddc c565956d565956 00104070aSCMEbSCMEcCARTd2012-04-18l0o297.272Y35IpSCME- D197r2021-04-30w2021-04-30yBK